000 00377nam a22001337a 4500
005 20250918122001.0
008 250918b |||||||| |||| 00| 0 eng d
050 _aPA3000
_bSOP
100 _aSOPHOCLES
245 _aTHE THEBAN PLAYS;
_bOEDIPUS THE KING OEDIPUS AT COLONUS ANTIGONE
260 _aLONDON
_bEVERYMAN PUBLISHERS PLC
_c1994
300 _axlix, 221p
942 _2lcc
_cBK
_n0
999 _c7586
_d7586